000 00369nam a2200157Ia 4500
008 230312s9999||||xx |||||||||||||| ||und||
020 _a0-07-302723-5
082 _a570
_bENG-C
100 _aEnger Eldon , D.
245 0 _aConcepts in Biology
260 _bMcGraw Hill
_aNew York
_c2005
300 _a200
546 _aEng.
650 _aMedical
_vBiology
942 _cBK
999 _c1819
_d1819